|
|
|
|
| LEADER |
01019nam a2200313 a 4500 |
| 001 |
000133783 |
| 003 |
CZ BrMZK |
| 005 |
20220628090508.0 |
| 007 |
ta |
| 008 |
960815s1996 xr e f slo d |
| 015 |
|
|
|a cnb000188023
|
| 020 |
|
|
|a 80-85780-69-0
|
| 035 |
|
|
|a (OCoLC)37251771
|
| 040 |
|
|
|a BOA001
|b cze
|
| 072 |
|
7 |
|a 622
|x Hornictví
|2 Konspekt
|9 19
|
| 080 |
|
|
|a 622.235
|2 MRF
|
| 080 |
|
|
|a (035)
|2 MRF
|
| 100 |
1 |
|
|a Dojčár, Ondrej,
|d 1936-
|7 pna2008424827
|4 aut
|
| 245 |
1 |
0 |
|a Trhacia technika /
|c Ondrej Dojčár, Jiří Horký, Robert Kořínek.
|
| 260 |
|
|
|a Ostrava :
|b Montanex,
|c 1996
|
| 300 |
|
|
|a 421 s. :
|b il. ;
|c 23 cm
|
| 500 |
|
|
|a Bibliogr.
|
| 650 |
0 |
7 |
|a trhací práce
|7 ph126739
|2 czenas
|
| 655 |
|
7 |
|a příručky
|7 fd133209
|2 czenas
|
| 700 |
1 |
|
|a Horký, Jiří
|7 jx20071207032
|4 aut
|
| 700 |
1 |
|
|a Kořínek, Robert,
|d 1943-
|7 jx20050617034
|4 aut
|
| 910 |
|
|
|a BOA001
|b 2-1029.184
|
| 990 |
|
|
|a BK
|
| 996 |
6 |
|
|b 2610047406
|c 2-1029.184
|l MZK
|r Sklad / do 1 hodiny
|n 16
|p p.v.
|w 000133783
|u 000010
|a 1
|e BOA001
|j MZK50
|s P
|